<?xml version="1.0" encoding="UTF-8"?>
<record
    xmlns:xsi="http://www.w3.org/2001/XMLSchema-instance"
    xsi:schemaLocation="http://www.loc.gov/MARC21/slim http://www.loc.gov/standards/marcxml/schema/MARC21slim.xsd"
    xmlns="http://www.loc.gov/MARC21/slim">

  <leader>02369nam a22002777a 4500</leader>
  <datafield tag="999" ind1=" " ind2=" ">
    <subfield code="c">21951</subfield>
    <subfield code="d">21951</subfield>
  </datafield>
  <controlfield tag="003">AR-CdUCM</controlfield>
  <controlfield tag="008">190425b           ||||| |||| 00| 0 spa d</controlfield>
  <datafield tag="040" ind1=" " ind2=" ">
    <subfield code="a">MUNICIPALIDAD PROVINCIAL DEL CUSCO</subfield>
    <subfield code="c">BIBLIOTECA MUNICIPAL DEL CUSCO</subfield>
  </datafield>
  <datafield tag="082" ind1=" " ind2=" ">
    <subfield code="a">Cantua/N&#xB0;1/1974</subfield>
  </datafield>
  <datafield tag="245" ind1=" " ind2=" ">
    <subfield code="a">Revista Cantua /</subfield>
    <subfield code="c">&#xD3;rgano del Centro de estudiantes de Ciencias Biol&#xF3;gicas</subfield>
  </datafield>
  <datafield tag="260" ind1=" " ind2=" ">
    <subfield code="a">Cusco :</subfield>
    <subfield code="b">&#xD3;rgano del Centro de estudiantes de Ciencias Biol&#xF3;gicas,</subfield>
    <subfield code="c">1974.</subfield>
  </datafield>
  <datafield tag="300" ind1=" " ind2=" ">
    <subfield code="a">54 p&#xE1;ginas. :</subfield>
    <subfield code="b">ilustraciones ;</subfield>
    <subfield code="c">34 cm.</subfield>
  </datafield>
  <datafield tag="440" ind1=" " ind2=" ">
    <subfield code="a">Cantua</subfield>
    <subfield code="n">Volumen I. N&#xFA;mero 1. Primer trimestre, 1974</subfield>
    <subfield code="9">46968</subfield>
  </datafield>
  <datafield tag="505" ind1=" " ind2=" ">
    <subfield code="a">Contenido: La energ&#xED;a vegetal y el hombre. -- Horacio Zamalloa D&#xED;az. -- T&#xE9;cnicas actualizadas en el control de insectos. Jos&#xE9; Luna C&#xE1;ceres. -- Las especies forestales del bosque sabanero del valle de La Convenci&#xF3;n. Ch&#xE1;vez Alfaro Rene. -- Virus ganster de las c&#xE9;lulas sanas. -- La flora hal&#xF3;fita del valle del Cusco. Rosario Zegarra Zegarra. -- Importancia de educar a la comunidad para el uso racional y cient&#xED;fico del poder curativo de las plantas. Antonio Soto Torres. -- Control biol&#xF3;gico posibilidad saludable de combatir insectos da&#xF1;inos. Ver&#xF3;nica Marces Carrasco. -- Que es la sangre artificial y para que sirve. Carmen Zegarra Vargas. -- Descubrimientos de enfermedades a trav&#xE9;s de los colores. Lourdes Gonzales. -- Factores socio culturales de las propagaci&#xF3;n de las enfermedades ven&#xE9;reas. Jos&#xE9; C&#xE1;ceres Pilares. -- Algas para mejorar las deficiencias nutritivas en todo el mundo. Gloria Coronavo Palma. -- Los &#xE1;rboles y su importancia en zonas urbanas. Eduardo Gil Mora. -- Guerra y esclavitud entre las hormigas.  Jos&#xE9; Luna. -- Algunas consideraciones sobre la ense&#xF1;anza actualizada de las Ciencias Biol&#xF3;gicas. -- En defensa de nuestra riqueza forestal. Efra&#xED;n Molleapaza Ariste. -- El primer Kumbha Mela en Am&#xE9;rica. Eduardo Mimbela Cantuarias. -- Se identifican 12 especies de moluscos en los alrededores de Sicuani. &#xC1;ngel Flores Bustamante.</subfield>
  </datafield>
  <datafield tag="650" ind1=" " ind2=" ">
    <subfield code="a">Biolog&#xED;a</subfield>
    <subfield code="9">881</subfield>
  </datafield>
  <datafield tag="650" ind1=" " ind2=" ">
    <subfield code="a">Ecolog&#xED;a</subfield>
    <subfield code="9">4960</subfield>
  </datafield>
  <datafield tag="650" ind1=" " ind2=" ">
    <subfield code="a">Insectos</subfield>
    <subfield code="9">46969</subfield>
  </datafield>
  <datafield tag="650" ind1=" " ind2=" ">
    <subfield code="a">Cusco</subfield>
    <subfield code="9">772</subfield>
  </datafield>
  <datafield tag="700" ind1=" " ind2=" ">
    <subfield code="a">Zamalloa D&#xED;az, Horacio</subfield>
    <subfield code="9">46081</subfield>
  </datafield>
  <datafield tag="700" ind1=" " ind2=" ">
    <subfield code="a">Luna C&#xE1;ceres, Jos&#xE9;</subfield>
    <subfield code="9">46970</subfield>
  </datafield>
  <datafield tag="700" ind1=" " ind2=" ">
    <subfield code="a">Ch&#xE1;vez Alfaro, Rene</subfield>
    <subfield code="9">46971</subfield>
  </datafield>
  <datafield tag="700" ind1=" " ind2=" ">
    <subfield code="a">Gil Mora, Eduardo</subfield>
    <subfield code="9">46972</subfield>
  </datafield>
  <datafield tag="710" ind1=" " ind2=" ">
    <subfield code="a">Universidad Nacional de San Antonio Abad del Cusco</subfield>
    <subfield code="9">15942</subfield>
  </datafield>
  <datafield tag="942" ind1=" " ind2=" ">
    <subfield code="2">ddc</subfield>
    <subfield code="c">PP</subfield>
  </datafield>
  <datafield tag="945" ind1=" " ind2=" ">
    <subfield code="a">rac</subfield>
  </datafield>
  <datafield tag="952" ind1=" " ind2=" ">
    <subfield code="0">0</subfield>
    <subfield code="2">ddc</subfield>
    <subfield code="4">0</subfield>
    <subfield code="7">0</subfield>
    <subfield code="a">HEM</subfield>
    <subfield code="b">HEM</subfield>
    <subfield code="c">CART</subfield>
    <subfield code="d">2022-01-18</subfield>
    <subfield code="g">10.00</subfield>
    <subfield code="o">Cantua/N&#xB0;1/1974</subfield>
    <subfield code="p">REVC000466</subfield>
    <subfield code="r">2022-01-18</subfield>
    <subfield code="y">PP</subfield>
  </datafield>
</record>
